[Event "Королевский Гамбит. Южный Федеральный округ."]
[Date "2025-11-21"]
[Round "2.6"]
[Board "6"]
[White "Сорокина София"]
[WhiteElo "1010"]
[Black "Уманцев Дмитрий"]
[BlackElo "1009"]
[WebSite "https://www.chessopen.ru"]
[GameId "70bf699a-ac78-4e6c-a17f-04eef7379fa5"]
[Result "0-1"]

1. d4 { [%clk 0:09:59] } Nf6 { [%clk 0:10:00] } 2. c4 { [%clk 0:09:59] } g6 {
[%clk 0:10:01] } 3. Nf3 { [%clk 0:09:55] } Bg7 { [%clk 0:10:01] } 4. g3 { [%clk
0:09:51] } O-O { [%clk 0:10:02] } 5. Bg2 { [%clk 0:09:47] } d6 { [%clk 0:09:56]
} 6. O-O { [%clk 0:09:47] } c5 { [%clk 0:09:45] } 7. Nc3 { [%clk 0:09:41] }
cxd4 { [%clk 0:09:38] } 8. Nxd4 { [%clk 0:09:41] } Nbd7 { [%clk 0:08:51] } 9.
e4 { [%clk 0:09:36] } Rb8 { [%clk 0:08:34] } 10. Ndb5 { [%clk 0:09:34] } a6 {
[%clk 0:08:23] } 11. Nd4 { [%clk 0:09:32] } b6 { [%clk 0:08:08] } 12. Nc6 {
[%clk 0:09:29] } Qc7 { [%clk 0:08:06] } 13. Nxb8 { [%clk 0:09:27] } Qxb8 {
[%clk 0:08:07] } 14. Bg5 { [%clk 0:09:19] } Bb7 { [%clk 0:08:03] } 15. Bxf6 {
[%clk 0:09:18] } Nxf6 { [%clk 0:08:02] } 16. Nd5 { [%clk 0:09:10] } Bxd5 {
[%clk 0:07:43] } 17. exd5 { [%clk 0:09:09] } Rc8 { [%clk 0:07:44] } 18. Qe2 {
[%clk 0:09:09] } Qc7 { [%clk 0:07:36] } 19. Rac1 { [%clk 0:09:00] } Kf8 { [%clk
0:07:24] } 20. Bh3 { [%clk 0:08:55] } Rd8 { [%clk 0:07:11] } 21. b4 { [%clk
0:08:54] } Nd7 { [%clk 0:07:02] } 22. Qf3 { [%clk 0:08:49] } Ne5 { [%clk
0:06:52] } 23. Qe4 { [%clk 0:08:36] } f5 { [%clk 0:06:50] } 24. Qe3 { [%clk
0:08:10] } Nxc4 { [%clk 0:06:15] } 25. Qf4 { [%clk 0:07:53] } b5 { [%clk
0:06:05] } 26. a4 { [%clk 0:07:31] } Qb7 { [%clk 0:05:50] } 27. axb5 { [%clk
0:07:27] } axb5 { [%clk 0:05:49] } 28. Rfd1 { [%clk 0:07:17] } Be5 { [%clk
0:05:30] } 29. Qh6+ { [%clk 0:07:13] } Kg8 { [%clk 0:05:28] } 30. Qg5 { [%clk
0:07:07] } Bf6 { [%clk 0:05:12] } 31. Qh6 { [%clk 0:06:53] } Bg7 { [%clk
0:05:12] } 32. Qf4 { [%clk 0:06:49] } Be5 { [%clk 0:05:11] } 33. Qf3 { [%clk
0:06:45] } Nb2 { [%clk 0:04:56] } 34. Rd2 { [%clk 0:06:41] } Nc4 { [%clk
0:04:54] } 35. Re2 { [%clk 0:06:38] } Ra8 { [%clk 0:04:37] } 36. Bxf5 { [%clk
0:06:19] } gxf5 { [%clk 0:04:24] } 37. Qxf5 { [%clk 0:06:13] } Qxd5 { [%clk
0:04:09] } 38. Qg5+ { [%clk 0:06:10] } Kf8 { [%clk 0:04:06] } 39. Qh6+ { [%clk
0:06:10] } Kg8 { [%clk 0:04:03] } 40. Qg5+ { [%clk 0:06:06] } Kf8 { [%clk
0:04:02] } 41. Qf5+ { [%clk 0:05:55] } Qf7 { [%clk 0:04:01] } 42. Qe4 { [%clk
0:05:48] } Ra1 { [%clk 0:03:36] } 43. Rxa1 { [%clk 0:05:46] } Bxa1 { [%clk
0:03:37] } 44. Qa8+ { [%clk 0:05:47] } Qe8 { [%clk 0:03:35] } 45. Qxa1 { [%clk
0:05:47] } Qh5 { [%clk 0:03:27] } 46. Qh8+ { [%clk 0:05:45] } Kf7 { [%clk
0:03:24] } 47. Re1 { [%clk 0:05:37] } Ne5 { [%clk 0:03:14] } 48. Rxe5 { [%clk
0:05:11] } dxe5 { [%clk 0:03:10] } 49. Qb8 { [%clk 0:05:10] } Qd1+ { [%clk
0:03:07] } 50. Kg2 { [%clk 0:05:11] } Qd5+ { [%clk 0:03:08] } 51. Kh3 { [%clk
0:05:08] } Qe6+ { [%clk 0:03:08] } 52. g4 { [%clk 0:05:10] } Qh6+ { [%clk
0:03:07] } 53. Kg3 { [%clk 0:05:09] } Qf4+ { [%clk 0:03:08] } 54. Kg2 { [%clk
0:05:10] } Qxg4+ { [%clk 0:03:09] } 55. Kf1 { [%clk 0:05:11] } Qd1+ { [%clk
0:03:07] } 56. Kg2 { [%clk 0:05:11] } Qd5+ { [%clk 0:03:09] } 57. Kg3 { [%clk
0:05:09] } Qd3+ { [%clk 0:03:05] } 58. f3 { [%clk 0:05:09] } Qg6+ { [%clk
0:03:07] } 59. Kf2 { [%clk 0:05:10] } Qc2+ { [%clk 0:03:08] } 60. Kg3 { [%clk
0:05:11] } Qg6+ { [%clk 0:03:09] } 61. Kh3 { [%clk 0:05:12] } Qh5+ { [%clk
0:03:08] } 62. Kg2 { [%clk 0:05:11] } Qg5+ { [%clk 0:03:10] } 63. Kf1 { [%clk
0:05:10] } Qc1+ { [%clk 0:03:09] } 64. Kf2 { [%clk 0:05:12] } Qd2+ { [%clk
0:03:10] } 65. Kg3 { [%clk 0:05:08] } Qe1+ { [%clk 0:03:11] } 66. Kg4 { [%clk
0:05:09] } Qxb4+ { [%clk 0:03:11] } 67. Kg3 { [%clk 0:05:10] } Qf4+ { [%clk
0:03:11] } 68. Kf2 { [%clk 0:05:12] } Qxh2+ { [%clk 0:03:12] } 69. Ke3 { [%clk
0:05:13] } Qf4+ { [%clk 0:03:13] } 70. Kf2 { [%clk 0:05:15] } b4 { [%clk
0:03:15] } 71. Qa8 { [%clk 0:05:05] } Qd4+ { [%clk 0:03:14] } 72. Kg3 { [%clk
0:05:06] } b3 { [%clk 0:03:11] } 73. Qa3 { [%clk 0:05:01] } b2 { [%clk 0:03:03]
} 74. Qb3+ { [%clk 0:05:02] } Kg7 { [%clk 0:03:01] } 75. Qc2 { [%clk 0:04:50] }
Qf4+ { [%clk 0:02:59] } 76. Kg2 { [%clk 0:04:48] } Qc1 { [%clk 0:02:57] } 77.
Qf5 { [%clk 0:04:44] } b1=Q { [%clk 0:02:45] } 78. Qxe5+ { [%clk 0:04:43] } Kf7
{ [%clk 0:02:45] } 79. Qh5+ { [%clk 0:04:42] } Qg6+ { [%clk 0:02:45] } 80.
Qxg6+ { [%clk 0:04:44] } hxg6 { [%clk 0:02:46] } 81. Kg3 { [%clk 0:04:46] }
Qg5+ { [%clk 0:02:47] } 82. Kf2 { [%clk 0:04:47] } Kf6 { [%clk 0:02:49] } 83.
Ke2 { [%clk 0:04:48] } Kf5 { [%clk 0:02:51] } 84. Kf2 { [%clk 0:04:49] } Kf4 {
[%clk 0:02:52] } 85. Ke2 { [%clk 0:04:50] } Qg2+ { [%clk 0:02:54] } 86. Ke1 {
[%clk 0:04:52] } Qxf3 { [%clk 0:02:54] } 87. Kd2 { [%clk 0:04:48] } Ke4 { [%clk
0:02:52] } 88. Kc2 { [%clk 0:04:48] } Kd4 { [%clk 0:02:54] } 89. Kb2 { [%clk
0:04:44] } Kc4 { [%clk 0:02:48] } 90. Kb1 { [%clk 0:04:45] } Kb3 { [%clk
0:02:48] } 91. Kc1 { [%clk 0:04:44] } Qf1+ { [%clk 0:02:48] } 92. Kd2 { [%clk
0:04:45] } Qf3 { [%clk 0:02:49] } 93. Ke1 { [%clk 0:04:46] } Qg2 { [%clk
0:02:50] } 94. Kd1 { [%clk 0:04:47] } Kc3 { [%clk 0:02:51] } 95. Ke1 { [%clk
0:04:49] } Kd3 { [%clk 0:02:53] } 96. Kd1 { [%clk 0:04:50] } Qd2# { [%clk
0:02:55] } 0-1

[Event "Королевский Гамбит. Южный Федеральный округ."]
[Date "2025-11-21"]
[Round "2.6"]
[Board "6"]
[White "Шведов Глеб"]
[WhiteElo "1000"]
[Black "Безух Николай"]
[BlackElo "1010"]
[WebSite "https://www.chessopen.ru"]
[GameId "10179c21-3f66-4fa6-ac97-119dbaefe1ca"]
[Result "1-0"]

1. e4 { [%clk 0:10:00] } e5 { [%clk 0:09:59] } 2. Nf3 { [%clk 0:09:59] } Nc6 {
[%clk 0:09:59] } 3. d4 { [%clk 0:10:01] } f6 { [%clk 0:09:56] } 4. d5 { [%clk
0:09:32] } Nd4 { [%clk 0:09:47] } 5. Nxd4 { [%clk 0:09:33] } exd4 { [%clk
0:09:49] } 6. Qxd4 { [%clk 0:09:33] } d6 { [%clk 0:09:51] } 7. Nc3 { [%clk
0:09:33] } Qe7 { [%clk 0:09:42] } 8. Be3 { [%clk 0:09:25] } Bd7 { [%clk
0:09:28] } 9. O-O-O { [%clk 0:09:22] } O-O-O { [%clk 0:09:17] } 10. Qxa7 {
[%clk 0:09:21] } Bg4 { [%clk 0:09:12] } 11. f3 { [%clk 0:09:17] } Bd7 { [%clk
0:09:12] } 12. Qa8# { [%clk 0:09:16] } 1-0

[Event "Королевский Гамбит. Южный Федеральный округ."]
[Date "2025-11-21"]
[Round "2.7"]
[Board "7"]
[White "Дмитриенко Иван"]
[WhiteElo "1009"]
[Black "Ахмедов Эльдар"]
[BlackElo "1010"]
[WebSite "https://www.chessopen.ru"]
[GameId "bb478e52-532d-4ba5-93dd-f8f81bd60490"]
[Result "0-1"]

1. b3 { [%clk 0:10:01] } e5 { [%clk 0:09:55] } 2. Bb2 { [%clk 0:10:00] } Nc6 {
[%clk 0:09:55] } 3. e4 { [%clk 0:09:57] } Nf6 { [%clk 0:09:53] } 4. d3 { [%clk
0:09:57] } Bc5 { [%clk 0:09:53] } 5. Nf3 { [%clk 0:09:59] } d6 { [%clk 0:09:54]
} 6. Nbd2 { [%clk 0:09:58] } Bg4 { [%clk 0:09:55] } 7. Be2 { [%clk 0:09:59] }
Qd7 { [%clk 0:09:46] } 8. h3 { [%clk 0:10:00] } Bxf3 { [%clk 0:09:30] } 9. Bxf3
{ [%clk 0:09:56] } Nd4 { [%clk 0:09:29] } 10. Bxd4 { [%clk 0:09:52] } Bxd4 {
[%clk 0:09:30] } 11. Rc1 { [%clk 0:09:49] } h6 { [%clk 0:09:24] } 12. c3 {
[%clk 0:09:50] } Bb6 { [%clk 0:09:23] } 13. O-O { [%clk 0:09:42] } a6 { [%clk
0:09:11] } 14. Nb1 { [%clk 0:09:35] } O-O { [%clk 0:08:41] } 15. d4 { [%clk
0:09:24] } exd4 { [%clk 0:08:34] } 16. cxd4 { [%clk 0:09:25] } Rfe8 { [%clk
0:08:31] } 17. Nc3 { [%clk 0:09:11] } c6 { [%clk 0:07:51] } 18. a3 { [%clk
0:08:53] } d5 { [%clk 0:07:27] } 19. e5 { [%clk 0:08:44] } Nh7 { [%clk 0:07:18]
} 20. Re1 { [%clk 0:08:36] } Nf8 { [%clk 0:07:11] } 21. Be2 { [%clk 0:08:13] }
Ne6 { [%clk 0:07:03] } 22. Bd3 { [%clk 0:07:48] } Bxd4 { [%clk 0:06:58] } 23.
Bb1 { [%clk 0:07:42] } Bb6 { [%clk 0:06:44] } 24. Qd3 { [%clk 0:07:40] } g6 {
[%clk 0:06:40] } 25. b4 { [%clk 0:07:12] } Ng5 { [%clk 0:06:12] } 26. h4 {
[%clk 0:06:46] } Ne6 { [%clk 0:05:54] } 27. h5 { [%clk 0:06:42] } Nf4 { [%clk
0:05:53] } 28. Qg3 { [%clk 0:06:13] } Nxh5 { [%clk 0:05:44] } 29. Qh4 { [%clk
0:06:02] } Qe7 { [%clk 0:05:12] } 30. Qg4 { [%clk 0:05:49] } Qe6 { [%clk
0:04:46] } 31. Qh4 { [%clk 0:05:35] } Bd8 { [%clk 0:04:44] } 32. Qh2 { [%clk
0:05:18] } Bg5 { [%clk 0:04:36] } 33. Rcd1 { [%clk 0:05:09] } Bf4 { [%clk
0:04:05] } 34. g3 { [%clk 0:04:52] } Bxe5 { [%clk 0:04:02] } 35. f4 { [%clk
0:04:50] } Bd4+ { [%clk 0:03:53] } 36. Kf1 { [%clk 0:04:42] } Qg4 { [%clk
0:03:31] } 37. Rxe8+ { [%clk 0:04:34] } Rxe8 { [%clk 0:03:22] } 38. Rxd4 {
[%clk 0:04:18] } Nxg3+ { [%clk 0:03:14] } 39. Kf2 { [%clk 0:03:58] } Ne4+ {
[%clk 0:03:09] } 40. Nxe4 { [%clk 0:03:58] } dxe4 { [%clk 0:03:01] } 41. Bxe4 {
[%clk 0:03:46] } h5 { [%clk 0:02:45] } 42. Qg3 { [%clk 0:03:29] } Qxg3+ { [%clk
0:02:33] } 43. Kxg3 { [%clk 0:03:16] } Re7 { [%clk 0:02:24] } 44. f5 { [%clk
0:03:13] } g5 { [%clk 0:02:11] } 45. Rd8+ { [%clk 0:03:02] } Kh7 { [%clk
0:02:03] } 46. f6+ { [%clk 0:03:00] } Rxe4 { [%clk 0:01:55] } 47. Kf3 { [%clk
0:02:57] } Re6 { [%clk 0:01:53] } 48. Rd7 { [%clk 0:02:50] } Kg6 { [%clk
0:01:53] } 49. Rxb7 { [%clk 0:02:51] } Rxf6+ { [%clk 0:01:54] } 50. Kg3 { [%clk
0:02:50] } h4+ { [%clk 0:01:55] } 51. Kg4 { [%clk 0:02:51] } Rf4+ { [%clk
0:01:56] } 52. Kh3 { [%clk 0:02:52] } Rf3+ { [%clk 0:01:57] } 53. Kg4 { [%clk
0:02:54] } Rxa3 { [%clk 0:01:57] } 54. Rb6 { [%clk 0:02:53] } f5# { [%clk
0:01:50] } 0-1

[Event "Королевский Гамбит. Южный Федеральный округ."]
[Date "2025-11-21"]
[Round "2.7"]
[Board "7"]
[White "Дмитрий Алдохин"]
[WhiteElo "990"]
[Black "Жураков Всеволод"]
[BlackElo "1010"]
[WebSite "https://www.chessopen.ru"]
[GameId "ab4aca23-bcf0-4d85-bde9-554347f7aec5"]
[Result "1/2-1/2"]

1. e4 { [%clk 0:09:53] } e5 { [%clk 0:10:00] } 2. Nc3 { [%clk 0:09:50] } Nf6 {
[%clk 0:09:59] } 3. Nf3 { [%clk 0:09:50] } Nc6 { [%clk 0:09:59] } 4. Bc4 {
[%clk 0:09:48] } d6 { [%clk 0:09:54] } 5. h3 { [%clk 0:09:42] } Be7 { [%clk
0:09:53] } 6. d3 { [%clk 0:09:38] } O-O { [%clk 0:09:54] } 7. O-O { [%clk
0:09:37] } Na5 { [%clk 0:09:38] } 8. Nxe5 { [%clk 0:09:34] } dxe5 { [%clk
0:09:36] } 9. Qf3 { [%clk 0:09:31] } Nxc4 { [%clk 0:09:33] } 10. dxc4 { [%clk
0:09:17] } h6 { [%clk 0:09:19] } 11. Qg3 { [%clk 0:09:15] } Nh5 { [%clk
0:09:11] } 12. Qf3 { [%clk 0:08:54] } Nf6 { [%clk 0:08:33] } 13. Qg3 { [%clk
0:08:45] } Nh5 { [%clk 0:08:22] } 14. Qf3 { [%clk 0:08:41] } Nf6 { [%clk
0:07:47] } 1/2-1/2

[Event "Королевский Гамбит. Южный Федеральный округ."]
[Date "2025-11-21"]
[Round "2.7"]
[Board "7"]
[White "Дорошенко Мария"]
[WhiteElo "990"]
[Black "Алёхина Дарья"]
[BlackElo "1010"]
[WebSite "https://www.chessopen.ru"]
[GameId "a88841b2-4da4-412d-a319-023aa261cf12"]
[Result "0-1"]

1. e4 { [%clk 0:09:54] } e5 { [%clk 0:10:00] } 2. Bc4 { [%clk 0:09:52] } Nf6 {
[%clk 0:09:57] } 3. Nc3 { [%clk 0:09:46] } Bb4 { [%clk 0:09:51] } 4. a3 { [%clk
0:09:44] } Bxc3 { [%clk 0:09:50] } 5. dxc3 { [%clk 0:09:42] } Nxe4 { [%clk
0:09:51] } 6. Qe2 { [%clk 0:09:36] } Nd6 { [%clk 0:09:47] } 7. Qxe5+ { [%clk
0:09:35] } Qe7 { [%clk 0:09:46] } 8. Qe2 { [%clk 0:09:30] } Nxc4 { [%clk
0:09:44] } 9. b3 { [%clk 0:09:28] } Ne5 { [%clk 0:09:32] } 10. Bf4 { [%clk
0:09:22] } d6 { [%clk 0:09:32] } 11. Rd1 { [%clk 0:09:20] } Bg4 { [%clk
0:09:31] } 12. Nf3 { [%clk 0:09:16] } Bxf3 { [%clk 0:09:21] } 13. Qxf3 { [%clk
0:09:15] } Nxf3+ { [%clk 0:09:22] } 14. Kf1 { [%clk 0:09:12] } Ne5 { [%clk
0:09:08] } 15. Re1 { [%clk 0:09:11] } Nbd7 { [%clk 0:08:28] } 16. f3 { [%clk
0:09:06] } O-O { [%clk 0:08:24] } 17. g4 { [%clk 0:09:06] } Qh4 { [%clk
0:08:16] } 18. Bg3 { [%clk 0:09:04] } Qh3+ { [%clk 0:08:12] } 19. Kf2 { [%clk
0:09:03] } Qh6 { [%clk 0:07:53] } 20. h4 { [%clk 0:08:53] } Qd2+ { [%clk
0:07:45] } 21. Kf1 { [%clk 0:08:42] } Nxf3 { [%clk 0:07:41] } 22. Re2 { [%clk
0:08:26] } Qd1+ { [%clk 0:07:37] } 23. Kf2 { [%clk 0:08:25] } Qxh1 { [%clk
0:07:37] } 24. h5 { [%clk 0:08:16] } Rfe8 { [%clk 0:07:27] } 25. Re3 { [%clk
0:07:56] } Rxe3 { [%clk 0:07:27] } 26. Kxe3 { [%clk 0:07:42] } Ne1 { [%clk
0:07:19] } 27. Kf4 { [%clk 0:07:35] } Nxc2 { [%clk 0:07:19] } 28. Kf5 { [%clk
0:07:32] } Qf3+ { [%clk 0:07:17] } 29. Kg5 { [%clk 0:07:19] } h6+ { [%clk
0:07:17] } 30. Kh4 { [%clk 0:07:18] } Qh1+ { [%clk 0:07:18] } 31. Bh2 { [%clk
0:06:56] } Qxh2# { [%clk 0:07:18] } 0-1

[Event "Королевский Гамбит. Южный Федеральный округ."]
[Date "2025-11-21"]
[Round "2.7"]
[Board "7"]
[White "Синичкина Ксения"]
[WhiteElo "1000"]
[Black "Сериков Дмитрий"]
[BlackElo "971"]
[WebSite "https://www.chessopen.ru"]
[GameId "a2642ac1-5985-469f-be13-6bd952a60eed"]
[Result "1-0"]

1. e4 { [%clk 0:09:59] } e5 { [%clk 0:10:00] } 2. Nf3 { [%clk 0:09:58] } Nc6 {
[%clk 0:09:59] } 3. Nc3 { [%clk 0:09:58] } Nf6 { [%clk 0:10:00] } 4. Bc4 {
[%clk 0:09:58] } Bc5 { [%clk 0:09:59] } 5. d3 { [%clk 0:09:57] } d6 { [%clk
0:10:00] } 6. Bg5 { [%clk 0:09:53] } Bg4 { [%clk 0:10:00] } 7. O-O { [%clk
0:09:49] } h6 { [%clk 0:09:59] } 8. Bxf6 { [%clk 0:09:42] } gxf6 { [%clk
0:09:59] } 9. Nd5 { [%clk 0:09:31] } Qd7 { [%clk 0:09:55] } 10. Nxf6+ { [%clk
0:09:26] } Ke7 { [%clk 0:09:44] } 11. Nxd7 { [%clk 0:09:25] } Kxd7 { [%clk
0:09:45] } 12. Bxf7 { [%clk 0:09:07] } Ke7 { [%clk 0:09:24] } 13. Bd5 { [%clk
0:08:54] } Nd4 { [%clk 0:09:22] } 14. Kh1 { [%clk 0:08:25] } Rhg8 { [%clk
0:09:04] } 15. c3 { [%clk 0:08:15] } Nxf3 { [%clk 0:07:30] } 16. gxf3 { [%clk
0:08:11] } Bh3 { [%clk 0:07:09] } 17. Bxg8 { [%clk 0:07:50] } Rxg8 { [%clk
0:07:06] } 18. Rg1 { [%clk 0:07:48] } Rf8 { [%clk 0:06:20] } 19. d4 { [%clk
0:07:45] } exd4 { [%clk 0:06:16] } 20. cxd4 { [%clk 0:07:37] } Bb6 { [%clk
0:06:07] } 21. Rg7+ { [%clk 0:07:35] } Kf6 { [%clk 0:05:55] } 22. Qg1 { [%clk
0:07:34] } Bxd4 { [%clk 0:05:00] } 23. Qg6+ { [%clk 0:06:37] } Ke5 { [%clk
0:04:59] } 24. Re7+ { [%clk 0:06:29] } Kf4 { [%clk 0:04:54] } 25. Qg3# { [%clk
0:06:26] } 1-0

[Event "Королевский Гамбит. Южный Федеральный округ."]
[Date "2025-11-21"]
[Round "2.8"]
[Board "8"]
[White "Краль Вероника"]
[WhiteElo "1010"]
[Black "Половко Катя"]
[BlackElo "1010"]
[WebSite "https://www.chessopen.ru"]
[GameId "339cb108-9246-4878-9e7b-1565909bd6b7"]
[Result "0-1"]

1. d4 { [%clk 0:10:00] } Nf6 { [%clk 0:09:56] } 2. Bf4 { [%clk 0:10:00] } g6 {
[%clk 0:09:55] } 3. Nf3 { [%clk 0:09:59] } Bg7 { [%clk 0:09:57] } 4. c3 { [%clk
0:09:52] } Nc6 { [%clk 0:09:56] } 5. e3 { [%clk 0:09:52] } O-O { [%clk 0:09:54]
} 6. Bd3 { [%clk 0:09:47] } b6 { [%clk 0:09:47] } 7. Nbd2 { [%clk 0:09:39] }
Bb7 { [%clk 0:09:48] } 8. O-O { [%clk 0:09:40] } Re8 { [%clk 0:09:41] } 9. Ne5
{ [%clk 0:09:30] } Nxe5 { [%clk 0:09:39] } 10. Bxe5 { [%clk 0:09:30] } d6 {
[%clk 0:09:25] } 11. Bg3 { [%clk 0:09:27] } Qd7 { [%clk 0:09:24] } 12. e4 {
[%clk 0:09:12] } e5 { [%clk 0:08:49] } 13. dxe5 { [%clk 0:09:08] } dxe5 { [%clk
0:08:48] } 14. Bc2 { [%clk 0:09:04] } Bxe4 { [%clk 0:08:45] } 15. Nxe4 { [%clk
0:08:55] } Qxd1 { [%clk 0:08:44] } 16. Raxd1 { [%clk 0:08:54] } Nxe4 { [%clk
0:08:44] } 17. Bxe4 { [%clk 0:08:53] } Rad8 { [%clk 0:08:27] } 18. Rxd8 { [%clk
0:08:50] } Rxd8 { [%clk 0:08:28] } 19. Re1 { [%clk 0:08:45] } Rd2 { [%clk
0:08:19] } 20. Rb1 { [%clk 0:08:23] } Re2 { [%clk 0:08:03] } 21. Bf3 { [%clk
0:08:18] } Rd2 { [%clk 0:07:55] } 22. a4 { [%clk 0:08:13] } c6 { [%clk 0:07:46]
} 23. b4 { [%clk 0:08:11] } Rc2 { [%clk 0:07:35] } 24. Rb3 { [%clk 0:08:05] }
Rc1+ { [%clk 0:07:30] } 25. Bd1 { [%clk 0:08:04] } Rxd1# { [%clk 0:07:31] } 0-1

[Event "Королевский Гамбит. Южный Федеральный округ."]
[Date "2025-11-21"]
[Round "2.8"]
[Board "8"]
[White "Нестерова Алёна"]
[WhiteElo "990"]
[Black "Мотина Полина"]
[BlackElo "990"]
[WebSite "https://www.chessopen.ru"]
[GameId "575fba63-3075-4964-963d-8186c49f5d60"]
[Result "1-0"]

1. e4 { [%clk 0:09:59] } e5 { [%clk 0:10:01] } 2. Nf3 { [%clk 0:10:00] } f6 {
[%clk 0:10:00] } 3. Bc4 { [%clk 0:09:52] } Nh6 { [%clk 0:09:58] } 4. a3 { [%clk
0:09:35] } Bc5 { [%clk 0:09:53] } 5. d3 { [%clk 0:09:21] } d6 { [%clk 0:09:54]
} 6. h3 { [%clk 0:09:19] } Nc6 { [%clk 0:09:39] } 7. Nc3 { [%clk 0:09:13] } Nd4
{ [%clk 0:09:23] } 8. O-O { [%clk 0:08:52] } f5 { [%clk 0:09:05] } 9. Bg5 {
[%clk 0:08:39] } Qd7 { [%clk 0:08:57] } 10. Nd5 { [%clk 0:08:09] } Nxf3+ {
[%clk 0:08:51] } 11. Qxf3 { [%clk 0:07:54] } Qe6 { [%clk 0:08:50] } 12. Nxc7+ {
[%clk 0:07:47] } Kd7 { [%clk 0:08:27] } 13. Bxe6+ { [%clk 0:07:43] } Kxc7 {
[%clk 0:08:26] } 14. b4 { [%clk 0:07:34] } Bb6 { [%clk 0:08:25] } 15. Bxc8 {
[%clk 0:07:03] } Kxc8 { [%clk 0:08:26] } 16. exf5 { [%clk 0:06:48] } Rf8 {
[%clk 0:08:13] } 17. c4 { [%clk 0:06:18] } Bd4 { [%clk 0:08:12] } 18. Rac1 {
[%clk 0:05:55] } Nxf5 { [%clk 0:08:00] } 19. Qd5 { [%clk 0:05:34] } Ne7 { [%clk
0:07:44] } 20. Qxd6 { [%clk 0:05:10] } Nf5 { [%clk 0:07:36] } 21. Qxf8+ { [%clk
0:05:00] } Kc7 { [%clk 0:07:35] } 22. Qxf5 { [%clk 0:04:51] } Rc8 { [%clk
0:07:28] } 23. c5 { [%clk 0:04:33] } Bb2 { [%clk 0:07:26] } 24. Rc4 { [%clk
0:04:22] } Bxa3 { [%clk 0:07:22] } 25. c6 { [%clk 0:04:13] } b5 { [%clk
0:07:21] } 26. Qd7+ { [%clk 0:04:06] } Kb8 { [%clk 0:07:02] } 27. Qb7# { [%clk
0:04:02] } 1-0

[Event "Королевский Гамбит. Южный Федеральный округ."]
[Date "2025-11-21"]
[Round "2.8"]
[Board "8"]
[White "Пилипчук Алёна"]
[WhiteElo "1010"]
[Black "Мережко Татьяна"]
[BlackElo "990"]
[WebSite "https://www.chessopen.ru"]
[GameId "01dfb73c-76fa-4528-80fd-992d86ba5022"]
[Result "0-1"]

1. e4 { [%clk 0:10:00] } e5 { [%clk 0:10:01] } 2. Nf3 { [%clk 0:10:02] } Nc6 {
[%clk 0:10:02] } 3. Nc3 { [%clk 0:10:02] } Bc5 { [%clk 0:10:01] } 4. Bc4 {
[%clk 0:10:03] } Nf6 { [%clk 0:10:02] } 5. d3 { [%clk 0:10:04] } h6 { [%clk
0:10:02] } 6. Be3 { [%clk 0:10:04] } Bb6 { [%clk 0:10:03] } 7. O-O { [%clk
0:10:04] } d6 { [%clk 0:10:04] } 8. Re1 { [%clk 0:10:01] } Bg4 { [%clk 0:09:59]
} 9. Bxb6 { [%clk 0:09:55] } cxb6 { [%clk 0:09:55] } 10. Re3 { [%clk 0:09:28] }
Nd4 { [%clk 0:09:53] } 11. Qd2 { [%clk 0:09:21] } Bxf3 { [%clk 0:09:47] } 12.
gxf3 { [%clk 0:09:19] } O-O { [%clk 0:09:45] } 13. Kh1 { [%clk 0:09:15] } Nh5 {
[%clk 0:09:33] } 14. Rg1 { [%clk 0:09:13] } Nf4 { [%clk 0:09:29] } 15. Bd5 {
[%clk 0:08:40] } Rb8 { [%clk 0:09:13] } 16. Nd1 { [%clk 0:08:18] } Nh3 { [%clk
0:09:14] } 17. Rg3 { [%clk 0:08:11] } Qh4 { [%clk 0:08:58] } 18. c3 { [%clk
0:07:57] } Ne6 { [%clk 0:08:53] } 19. d4 { [%clk 0:07:45] } Nef4 { [%clk
0:08:49] } 20. Rg4 { [%clk 0:07:35] } Qh5 { [%clk 0:08:38] } 21. dxe5 { [%clk
0:07:27] } Nxd5 { [%clk 0:08:27] } 22. exd5 { [%clk 0:07:27] } dxe5 { [%clk
0:08:20] } 23. Ree4 { [%clk 0:07:15] } Rbd8 { [%clk 0:08:19] } 24. Rh4 { [%clk
0:06:52] } Qf5 { [%clk 0:08:10] } 25. f4 { [%clk 0:06:38] } exf4 { [%clk
0:08:02] } 26. Rexf4 { [%clk 0:06:36] } Nxf4 { [%clk 0:07:50] } 27. Rxf4 {
[%clk 0:06:34] } Qxd5+ { [%clk 0:07:25] } 28. Qxd5 { [%clk 0:06:00] } Rxd5 {
[%clk 0:07:23] } 29. Ne3 { [%clk 0:06:00] } Re5 { [%clk 0:07:20] } 30. Nf5 {
[%clk 0:05:58] } Re1+ { [%clk 0:07:17] } 31. Kg2 { [%clk 0:05:57] } Re2 { [%clk
0:07:13] } 32. Rg4 { [%clk 0:05:52] } Kh7 { [%clk 0:07:12] } 33. Rxg7+ { [%clk
0:05:28] } Kh8 { [%clk 0:06:54] } 34. Rg4 { [%clk 0:05:25] } Rg8 { [%clk
0:06:46] } 35. Rxg8+ { [%clk 0:05:21] } Kxg8 { [%clk 0:06:43] } 36. Nxh6+ {
[%clk 0:05:24] } Kg7 { [%clk 0:06:44] } 37. Nf5+ { [%clk 0:05:22] } Kf8 { [%clk
0:06:43] } 38. Nd6 { [%clk 0:05:19] } Rxb2 { [%clk 0:06:43] } 39. a4 { [%clk
0:05:17] } Rc2 { [%clk 0:06:38] } 40. h4 { [%clk 0:05:15] } Rxc3 { [%clk
0:06:38] } 41. h5 { [%clk 0:05:16] } Rc6 { [%clk 0:06:30] } 42. Nf5 { [%clk
0:05:00] } Rf6 { [%clk 0:06:27] } 43. Ng3 { [%clk 0:04:54] } Kg7 { [%clk
0:06:21] } 44. Kh3 { [%clk 0:04:51] } Rxf2 { [%clk 0:06:11] } 45. Kh4 { [%clk
0:04:48] } Kh6 { [%clk 0:06:10] } 46. Kg4 { [%clk 0:04:47] } Ra2 { [%clk
0:05:50] } 47. Nf5+ { [%clk 0:04:48] } Kh7 { [%clk 0:05:50] } 48. h6 { [%clk
0:04:46] } Rxa4+ { [%clk 0:05:52] } 49. Kg5 { [%clk 0:04:47] } Ra5 { [%clk
0:05:53] } 50. Kf6 { [%clk 0:04:46] } b5 { [%clk 0:05:47] } 51. Kxf7 { [%clk
0:04:45] } b4 { [%clk 0:05:49] } 52. Kf6 { [%clk 0:04:41] } Rxf5+ { [%clk
0:05:50] } 53. Kxf5 { [%clk 0:04:42] } b3 { [%clk 0:05:52] } 0-1